000 00678nam a2200205 a 4500
001 000008503
005 20240412074207.0
008 090917s20uu dr 000 p spa d
040 _aDO-SdBNP
_bspa
_cBNPHU
082 _aRD861.44
_bB562c
100 1 _aBetances Rivas, Rafael Emilio,
_d1926-
_922831
245 1 0 _aCantos sonoros /
_cRafael Emilio Betances Rivas.
260 _a[Santo Domingo :
_bs.n.,
_c200-?].
300 _a119 p. ;
_c20 cm.
590 _aLa biblioteca posee 3 ejemplares autografiados por el autor
590 _aInventariado, 2018/VM
650 0 _aPoesía dominicana
_966
650 0 _aLiteratura dominicana.
_967
910 _aValidado. Control de calidad MFF
999 _c8274
_d8274